A szatmári zsidókról még egyszer
Elmentve itt :
| Szerző: | |
|---|---|
| Adatforrás: | Meister |
| Forrásdokumentuma: | Művelődés. - 9 sz., 1994, 42-43 p. |
| Nyelv: | magyar |
| Kulcsszavak: | történeti demográfia kisebbségtörténet zsidók Szatmárnémeti BUDAHÁZI Emese |
| LEADER | 00474nab a2200169 i 4500 | ||
|---|---|---|---|
| 001 | bibPRO00000976 | ||
| 008 | 060524s1994 xx hun | ||
| 040 | |a Sz1 | ||
| 041 | |a hun | ||
| 100 | 1 | |a SEBESTYÉN Mihály | |
| 245 | 1 | 2 | |a A szatmári zsidókról még egyszer |c SEBESTYÉN Mihály |
| 695 | |a történeti demográfia | ||
| 695 | |a kisebbségtörténet | ||
| 695 | |a zsidók | ||
| 695 | |a Szatmárnémeti | ||
| 695 | |a BUDAHÁZI Emese | ||
| 773 | 0 | |t Művelődés. - |g 9 sz., 1994, 42-43 p. | |